000 00849nab a2200253 u 4500
001 10324
003 HDC
007 cr bn ---aaaaa
008 210204c20100303my dr|nes 0 a eng d
040 _aHDC
100 _aLee, Kian Seong,
_eauthor
_910556
245 0 _aMustapa urges furniture makers to use branding /
_cby Lee Kian Seong
260 _aKuala Lumpur :
_bStar Publications (M) Bhd.,
_c2010
336 _atext
_2rdacontent
337 _acomputer
_2rdamedia
338 _aonline resource
_2rdacarrier
650 _aBranding
_910558
650 _aFurniture manufacture
_910557
710 _aThe Star
856 _zRequest full-text at [email protected]
942 _2lcc
942 _cNEWS
942 _kNWSC 003839
999 _c7647
_d7647